Score 0/22 Timer 02:00
1 Play Today
Hint Answer % Correct
Golfers aim for itHOLE
97.2%
Bannister ran one in under 4 minutesMILE
93.3%
Embedded spyMOLE
92.8%
Au, elementallyGOLD
92.7%
The seven dwarfs worked in oneMINE
92.1%
Boxer's weapon of choiceFIST
91.5%
Where a ship's or plane's cargo is stowedHOLD
91.2%
Haze or fogMIST
91%
Brill, carp, or plaice, e.g.FISH
89%
Pristine conditionMINT
88.7%
Bowl, cup, or plate, e.g.DISH
87.3%
Hint Answer % Correct
To play ten-pins, nine-pins, or skittlesBOWL
83.7%
A big, lively partyBASH
81.8%
It's where the heart isHOME
81.7%
A cast's response to an ovationBOWS
81.4%
Usain Bolt did itDASH
81.2%
'N Sync's LanceBASS
77.1%
Designer Hugo or Tammany leader TweedBOSS
76%
Hockey's GordieHOWE
69.6%
Allen Ginsberg poemHOWL
66.2%
According to Holmes, it's afootGAME
33.4%
Part of a draft horse's collarHAME
32.8%

Today's Daily Dose

Remove Ads.
Support Sporcle.
Get the best of Sporcle when you Go Orange. This ad-free experience offers more features, more stats, and more fun while also helping to support Sporcle. Thank you for becoming a member.

You're not logged in!

Compare scores with friends on all Sporcle quizzes.
OR
Log In

Show Comments

Extras

Top Quizzes Today


Score Distribution

Your Account Isn't Verified!

In order to create a playlist on Sporcle, you need to verify the email address you used during registration. Go to your Sporcle Settings to finish the process.

Report this User

Report this user for behavior that violates our Community Guidelines.

Details: